Quante ne sai sui film - Statistics

Statistiche generali
  • Questo quiz è stato fatto 307 volte
  • Il punteggio medio è 9 su 15
Statistiche sulle risposte
Domanda Risposta % Corretto
Chi tra questi attori è stato l'ultimo ad interpretare James Bond? Daniel Craig
84%
"Al mio segnale scatenate l'inferno" da quale film viene questa frase? Il gladiatore
83%
Chi ha diretto "Arancia meccanica"? Stanley Kubrick
80%
Chi ha vinto l'Oscar come miglior film nel 2024? Oppenheimer
79%
Quale tra i seguenti film è ispirato ad un romanzo? Angeli e demoni
77%
Per quale film Leonardo di Caprio ha vinto il suo primo Oscar? The Revenant
72%
L'hacker Thomas Anderson è il protagonista della trilogia "Matrix". Quale è il suo pseudonimo? Neo
66%
Quale tra questi film ha vinto più Oscar nella storia del cinema? Titanic
62%
Quale di questi film ha vinto l'Oscar come miglior regia nel 2003 Roman Polanski_Il pianista
57%
Quale tra questi film non appartiene alla filmografia di Christopher Nolan? Gravity
56%
Qual è il film con il maggiore incasso nella storia del cinema? Avatar
54%
Quale tra questi attori non ha mai interpretato Batman? Tom Hardy
51%
A quale saga cinematografica appartiene il personaggio di Sarah Connor? Terminator
47%
Ad oggi quanti film di "Fast & Furious" ci sono? (Senza contare spin-off, corto e serie animate) 10
45%
Quale è il film più votato su IMBd? Le ali della libertà
32%
Nessun quiz corrispondente trovato
Distribuzione punteggi
Percentuale di utenti per punteggio
Percentile per numero di risposta
I tuoi punteggi nel tempo
Non hai fatto questo quiz